| 000 | 00572nam a2200205Ia 4500 | ||
|---|---|---|---|
| 003 | GCL | ||
| 008 | 140319s9999 xx 000 0 ara d | ||
| 040 |
_aGCL / _cGCL |
||
| 082 | 0 | 4 |
_a916.63 _bب ا |
| 100 | 1 | _aمحمد محمود الصياد | |
| 245 | 1 | 0 |
_aارض الوجوه السمراء / _cمحمد محمود الصياد |
| 700 | 1 | _aرمزى يسى | |
| 700 | 1 | _aبوخهلتسر، جون | |
| 300 | _a250 ص | ||
| 490 |
_a100 قصة _v0 |
||
| 650 | 0 | 4 | _aاثيوبيا |
| 650 | 0 | 4 | _aالادب الافريقى |
| 650 | 0 | 4 | _aالسفر |
| 942 |
_2ddc _cBK |
||
| 999 |
_c43638 _d43638 |
||